| 000 | 00609nam a2200217 a 4500 | ||
|---|---|---|---|
| 999 |
_c4412 _d4412 |
||
| 005 | 20200527170403.0 | ||
| 008 | 200527b ||||| |||| 00| 0 spa d | ||
| 040 |
_aCO-BoIAVH _cCO-BoIAVH |
||
| 041 | _aspa | ||
| 082 | _a664.94 | ||
| 090 |
_aLB _b04069 |
||
| 100 |
_aRamĂrez Gil, Hernando _918421 |
||
| 245 | _aManejo post captura de peces de consumo | ||
| 260 |
_aVillavicencio _bINPA _bPRONATTA _c1996? |
||
| 300 | _a22 p. | ||
| 650 | 0 |
_aTecnologĂa de alimentos _9103187 |
|
| 650 | 0 |
_aControl del pescado _9103188 |
|
| 700 |
_aAjiaco, Rosa Helena _93425 |
||
| 942 |
_cFolleto _2ddc |
||
| 945 | _d2005-05-06 | ||